01294cam a22003254a 450000100090000000300040000900500170001300800410003001000170007102000150008802000150010304000180011804200080013605000240014408200140016810000310018224500570021326000420027030000360031244000490034850000200039765000510041785600870046885600750055594200140063099900180064495201020066295201020076495201020086612834493OSt20150408113939.0020627s2003 maua 001 0 eng  a 2002026444 a0072397020 a0071121943 aDLCcDLCdDLC apcc00aHD30.37b.F673 200300a004.62211 aForouzan, Behrouz A.9486210aBusiness data communications /cBehrouz A. Forouzan. aBoston, Mass. :bMcGraw-Hill,cc2003. axxiii, 407 p. :bill. ;c24 cm. 0aMcGraw-Hill Forouzan networking series94863 aIncludes index. 0aBusiness enterprisesxComputer networks.95730423Publisher descriptionuhttp://www.loc.gov/catdir/description/mh024/2002026444.html413Table of contentsuhttp://www.loc.gov/catdir/toc/mh023/2002026444.html 2ddccBOOK c17523d252023 1022013-03-104070a004.6 F B Bd2011-10-27hCLi00047574mCLr2013-03-10 00:00:00tBOOKwddcy0 1022013-03-104070a004.6 F B Bd2011-10-27hCLi00047575mCLr2013-03-10 00:00:00tBOOKwddcy0 1022013-03-104070a004.6 F B Bd2011-10-27hCLi00047576mCLr2013-03-10 00:00:00tBOOKwddcy0